| 000 | 00747 a2200205 4500 | ||
|---|---|---|---|
| 010 | _aENG-89292 | ||
| 020 |
_a8131303474 _c295.00 |
||
| 035 | _aEN-72825 | ||
| 037 | _bDBAD / PUB | ||
| 082 | 1 | 4 | _a333.7923 |
| 090 |
_c10711 _d10711 |
||
| 100 | _aGhosh, G.K. | ||
| 245 | 1 |
_aSolar energy: _bthe infinite source/ _cby G.K. Ghosh |
|
| 260 |
_aNew Delhi _bAPH Publishing Corporation _c2008 |
||
| 270 |
_a4435-36/7, Ansari Road, Darya Ganj, _bNew Delhi _cDelhi _e110002 _k23274050 _maphbook@vsnl.net |
||
| 300 |
_aviii, 121 p. _c22 cm ( Hb.) _bill. |
||
| 500 | _aIncludes bibliographical references and index | ||
| 942 |
_adpl _cEN _k333.7923/ GHO |
||
| 999 |
_c10416 _d10416 |
||